| 000 | 00630nam a22001937a 4500 | ||
|---|---|---|---|
| 003 | CEME | ||
| 005 | 20210628202358.0 | ||
| 008 | 210203b xxu||||| |||| 00| 0 eng d | ||
| 020 | _a0-07-010938-9 | ||
| 040 | _c. | ||
| 082 | _a519.402462 CHA | ||
| 100 |
_aChapra, Steven C Canale, Raymond P _959641 |
||
| 245 | _aNumerical methods for engineers , with programming and software applications | ||
| 250 | _a3RD | ||
| 260 |
_aNEW YORK _bMCGRAW HILL _c1998 |
||
| 300 | _aXIX,923P | ||
| 650 |
_aMICROCOMPUTERS PROGRAMMING; NUMERICAL CALCULATIONDATA PROCESSING; ENGINEERING MATHEMATICS DATA PROCESSING _959642 |
||
| 942 |
_cBK _2ddc |
||
| 999 |
_c569567 _d569567 |
||